000 00365 a2200157 4500
001 67255
020 _a9788520920428
040 _cAnchieta - Pituba
100 _aGodwin, Peter
240 1 0 _aQuando um crocodilo engole o sol
_lpor
245 1 0 _aQuando um crocodilo engole o sol
300 _a340
362 0 _a2008
650 4 _aLiteratura inglesa
942 _cBK
999 _c67255
_d67255